000 00845nam a22001817a 4500
005 20230615140448.0
008 230615b ||||| |||| 00| 0 eng d
020 _a9780198759188
050 _aKD829.6.S29(5e)
100 _9Sayles, Victoria.
245 _aLand Law concentrate /
_cVictoria Sayles.
250 _a5th ed.
260 _aNew York:
_bOxford University Press,
_c2016.
300 _axvii, 245p.:
_c22 cm.
500 _aIncludes index.
505 _aContents: Introduction: proprietary rights -- The distinction between legal and equitable interests -- Registered land -- Unregistered land -- The freehold estate -- The leasehold estate -- Covenants in leases -- Adverse possession -- Trusts of land -- Co-ownership -- Licences and proprietary estoppel -- Easements and profits -- Freehold covenants -- Mortgages.
942 _2lcc
_cBK
999 _c9699
_d17199